Basic engineering thermodynamics /

Guardado en:
Autor Principal: Zemansky, Mark Waldo, 1900-
Otros Autores: Abbott, Michael M., Van Ness, H. C.
Formato: Libro
Idioma:English
Publicado: New York : McGraw-Hill Book Co., c1975.
Edición:2d ed.
Materias:
Etiquetas: Agregar Etiqueta
Sin Etiquetas, Sea el primero en etiquetar este registro!
LEADER 00859cam a22002415a 4500
001 EIQ.libpla001261
008 740715s1975####nyua#####b####001#0#eng#d
005 20060829184024.0
245 1 0 |a Basic engineering thermodynamics /  |c [by] Mark W. Zemansky, Michael M. Abbott, [and] Hendrick C. Van Ness. 
250 |a 2d ed. 
260 |a New York :  |b McGraw-Hill Book Co.,  |c c1975. 
300 |a xvi, 492 p. :  |b il. ;  |c 24 cm. 
504 |a Incluye referencias bibliográficas e índice. 
020 |a 0070728151 
100 1 |a Zemansky, Mark Waldo,  |d 1900- 
700 1 |a Abbott, Michael M. 
700 1 |a Van Ness, H. C.  |q (Hendrick C.). 
082 0 0 |a 621.4/021 
650 4 |a Ingeniería Básica  |x Termodinámica. 
650 4 |a Basic engineering  |x Thermodynamics. 
010 |a  74013559  
040 |a DLC  |c DLC  |d AR-BbSID 
859 |a AR-BbSID  |b BIB. PLAPIQUI  |h 621.402 1  |i Z 40  |p 804